<?xml version="1.0" encoding="UTF-8"?>
<marc:record xmlns:marc="http://www.loc.gov/MARC21/slim">
   <marc:leader>00000nam a2200000 a 4500</marc:leader>
   <marc:datafield ind1="1" ind2=" " tag="100">
      <marc:subfield code="a">Applegate, Katherine</marc:subfield>
      <marc:subfield code="4">aut</marc:subfield>
      <marc:subfield code="e">Verfasser/-in</marc:subfield>
   </marc:datafield>
   <marc:datafield ind1=" " ind2=" " tag="653">
      <marc:subfield code="a">Kinderbücher bis 11 Jahre</marc:subfield>
   </marc:datafield>
   <marc:datafield ind1="0" ind2="0" tag="245">
      <marc:subfield code="a">Endling - Die neue Zeit</marc:subfield>
   </marc:datafield>
   <marc:datafield ind1="0" ind2="0" tag="245">
      <marc:subfield code="b">Spannende Fantasy für Mädchen und Jungen ab 11</marc:subfield>
   </marc:datafield>
   <marc:datafield ind1="0" ind2="0" tag="245">
      <marc:subfield code="c">Applegate, Katherine</marc:subfield>
   </marc:datafield>
   <marc:datafield ind1=" " ind2="1" tag="264">
      <marc:subfield code="a">München</marc:subfield>
      <marc:subfield code="b">dtv Verlagsgesellschaft</marc:subfield>
      <marc:subfield code="c">2021</marc:subfield>
   </marc:datafield>
   <marc:datafield ind1="1" ind2=" " tag="490">
      <marc:subfield code="a">Die Endling-Trilogie</marc:subfield>
      <marc:subfield code="v">3</marc:subfield>
   </marc:datafield>
   <marc:datafield ind1="1" ind2=" " tag="520">
      <marc:subfield code="a">Angaben aus der Verlagsmeldung 

 

  Endling (3) : Die neue Zeit Applegate,Endling 3 / von Katherine Applegate 

 

  
Das letzte große Abenteuer der Gefährten
 

 
Während ihrer Abenteuer in Nedarra und Dreyland wurde Byx und ihren vier Freunden eines bewusst: Krieg liegt in der Luft. Khara, inzwischen aufgestiegen zur Führerin der exilierten Familienclans, scharrt Freiwillige um sich, die die Friedenstruppen bilden. Gemeinsam wollen sie das Töten verhindern. Vor allem durch kluge Strategie und Verhandlungen. So wird Byx als Botschafterin zu den Wasserwesen entsandt und sorgt dafür, dass der Krieg zur See unterbunden wird. Die riesigen fliegenden Raptidons machen mithilfe kleiner gewitzter Wesen eine ganze Armee handlungsunfähig. Doch wird es den Freunden wirklich gelingen, den Krieg aufzuhalten? Mutig sind sie bereit, mit Kreativität und Fantasie für eine bessere Welt zu kämpfen.</marc:subfield>
   </marc:datafield>
   <marc:datafield ind1=" " ind2=" " tag="020">
      <marc:subfield code="a">9783423640756</marc:subfield>
      <marc:subfield code="9">9783423640756</marc:subfield>
   </marc:datafield>
   <marc:datafield ind1=" " ind2=" " tag="020">
      <marc:subfield code="a">3423640758</marc:subfield>
      <marc:subfield code="9">3423640758</marc:subfield>
   </marc:datafield>
   <marc:datafield ind1=" " ind2=" " tag="041">
      <marc:subfield code="a">ger</marc:subfield>
   </marc:datafield>
   <marc:datafield ind1="0" ind2=" " tag="490">
      <marc:subfield code="v">3</marc:subfield>
   </marc:datafield>
   <marc:datafield ind1=" " ind2=" " tag="338">
      <marc:subfield code="a">Band</marc:subfield>
   </marc:datafield>
   <marc:datafield ind1=" " ind2=" " tag="300">
      <marc:subfield code="a">304 Seiten</marc:subfield>
   </marc:datafield>
</marc:record>
